Les derniers matchs européens de L'OM depuis 2010 - Statistiques

Statistiques générales
  • Ce quiz a été pris 89 fois
    64 depuis la dernière actualisation
  • Le résultat moyen est 53 sur 83
Statistiques - réponses
Compétitions Date Score Adversaires Pays % Correct
Ligue Des Champions J4 Mercredi 25 Novembre 2020 0-2 Porto Portugal
92%
Ligue Des Champions J3 Mardi 3 Novembre 2020 3-0 Porto Portugal
92%
Ligue Des Champions J6 Mardi 1er Novembre 2022 1-2 Tottenham Angleterre
92%
Ligue Des Champions J1 Mercredi 7 Septembre 2022 2-0 Tottenham Angleterre
92%
Ligue Des Champions J4 Mercredi 12 Octobre 2022 0-2 Sporting Portugal
90%
Ligue Des Champions J3 Mardi 4 Octobre 2022 4-1 Sporting Portugal
90%
Ligue Des Champions J6 Mercredi 9 Décembre 2020 3-0 Manchester City Angleterre
88%
Ligue Des Champions J2 Mardi 27 Octobre 2020 0-3 Manchester City Angleterre
88%
Europa Conference League 1/2 finale Jeudi 5 Mai 2022 0-0 Feyenoord Pays-Bas
87%
Europa Conference League 1/2 finale Jeudi 28 Avril 2022 3-2 Feyenoord Pays-Bas
87%
Ligue Des Champions J5 Mercredi 26 Octobre 2022 2-1 Francfort Allemgne
87%
Ligue Des Champions J2 Mardi 13 Septembre 2022 0-1 Francfort Allemagne
87%
Europa League J5 Jeudi 29 Novembre 2018 4-0 Francfort Allemagne
87%
Europa League J1 Jeudi 20 Septembre 2018 1-2 Francfort Allemagne
87%
Europa League J5 Jeudi 25 Novembre 2021 4-2 Galatasaray Turquie
87%
Europa League J2 Jeudi 30 Septembre 2021 0-0 Galatasaray Turquie
87%
Europa League 1/4 de finale Vendredi 12 Avril 2018 5-2 Leipzig Allemagne
87%
Europa League 1/4 de finale Jeudi 5 Avril 2018 1-0 Leipzig Allemagne
87%
Europa League J4 Jeudi 4 Novembre 2021 2-2 Lazio Italie
83%
Europa League J3 Jeudi 21 Octobre 2021 0-0 Lazio Italie
83%
Europa League J4 Jeudi 8 Novembre 2018 2-1 Lazio Italie
83%
Europa League J3 Jeudi 25 Octobre 2018 1-3 Lazio Italie
83%
Europa Conference League 1/8 de finale Jeudi 17 Mars 2022 1-2 Bâle Suisse
79%
Europa Conference League 1/8 de finale Jeudi 10 Mars 2022 2-1 Bâle Suisse
79%
Europa League finale Jeudi 16 Mai 2018 0-3 Atlético Madrid Espagne
77%
Ligue Des Champions J5 Mardi 1er Décembre 2020 2-1 Olympiakos Grèce
77%
Ligue Des Champions J1 Mercredi 21 Octobre 2020 1-0 Olympiakos Grèce
77%
Ligue Des Champions J5 Mercredi 23 Novembre 2011 0-1 Olympiakos Grèce
77%
Ligue Des Champions J1 Mardi 13 Septembre 2011 0-1 Olympiakos Grèce
77%
Europa League 1/2 finale Vendredi 3 Mai 2018 2-1 Salzbourg Autriche
73%
Europa League 1/2 finale Vendredi 26 Avril 2018 2-0 Salzbourg Autriche
73%
Europa League J6 Jeudi 7 Décembre 2017 0-0 Salzbourg Autriche
73%
Europa League J2 Jeudi 28 Septembre 2017 1-0 Salzbourg Autriche
73%
Ligue Des Champions J6 Mercredi 11 Décembre 2013 1-2 Dortmund Allemagne
71%
Ligue Des Champions J2 Mardi 1er Octobre 2013 3-0 Dortmund Allemagne
71%
Ligue Des Champions J6 Mardi 6 Décembre 2011 2-3 Dortmund Allemagne
71%
Ligue Des Champions J2 Mercredi 28 Septembre 2011 3-0 Dortmund Allemagne
71%
Europa Conference League 1/4 de finale Jeudi 14 Avril 2022 0-1 PAOK Grèce
71%
Europa Conference League 1/4 de finale Jeudi 7 Avril 2022 2-1 PAOK Grèce
71%
Europa Conference League 1/16 de finale Jeudi 24 Février 2022 0-3 Qarabag Azerbaïdjan
71%
Europa Conference League 1/16 de finale Jeudi 17 Février 2022 3-1 Qarabag Azerbaïdjan
71%
Ligue Des Champions J5 Mardi 26 Novembre 2013 2-0 Arsenal Angleterre
69%
Ligue Des Champions J1 Mercredi 18 Septembre 2013 1-2 Arsenal Angleterre
69%
Ligue Des Champions J4 Mardi 1er Novembre 2011 0-0 Arsenal Angleterre
69%
Ligue Des Champions J3 Mercredi 19 Octobre 2011 0-1 Arsenal Angleterre
69%
Europa League 1/8 de finale Vendredi 15 Mars 2018 1-2 Bilbao Espagne
69%
Europa League 1/8 de finale Vendredi 8 Mars 2018 3-1 Bilbao Espagne
69%
Europa League 1/16 de finale Jeudi 25 Février 2016 1-1 Bilbao Espagne
69%
Europa League 1/16 de finale Jeudi 18 Février 2016 0-1 Bilbao Espagne
69%
Europa League 1/16 de finale Vendredi 22 Février 2018 1-0 Braga Portugal
69%
Europa League 1/16 de finale Vendredi 15 Février 2018 3-0 Braga Portugal
69%
Europa League J4 Jeudi 5 Novembre 2015 1-0 Braga Portugal
69%
Europa League J3 Jeudi 22 Octobre 2015 3-2 Braga Portugal
69%
Ligue Des Champions J4 Mercredi 6 Novembre 2013 3-2 Naples Italie
69%
Ligue Des Champions J3 Mardi 22 Octobre 2013 1-2 Naples Italie
69%
Ligue Des Champions J6 Mercredi 8 Décembre 2010 1-0 Chelsea Angleterre
62%
Ligue Des Champions J2 Mardi 28 Septembre 2010 2-0 Chelsea Angleterre
62%
Ligue Des Champions 1/8 de finale Mardi 15 Mars 2011 2-1 Manchester United Angleterre
62%
Ligue Des Champions 1/8 de finale Mercredi 23 Février 2011 0-0 Manchester United Angleterre
62%
Ligue Des Champions 1/8 de finale Mardi 13 Mars 2012 2-1 Inter Milan Italie
58%
Ligue Des Champions 1/8 de finale Mercredi 22 Février 2012 1-0 Inter Milan Italie
58%
Ligue Des Champions 1/4 de finale Mardi 3 Avril 2012 2-0 Bayern Munich Allemagne
54%
Ligue Des Champions 1/4 de finale Mercredi 28 Mars 2012 0-2 Bayern Munich Allemagne
54%
Europa League J6 Jeudi 9 Décembre 2021 1-0 Lokomotiv Moscou Russie
54%
Europa League J1 Jeudi 16 Septembre 2021 1-1 Lokomotiv Moscou Russie
54%
Europa League J6 Jeudi 13 Décembre 2018 1-3 Apollon Limassol Chypre
38%
Europa League J2 Jeudi 4 Octobre 2018 2-2 Apollon Limassol Chypre
38%
Europa League J4 Jeudi 2 Novembre 2017 1-0 Guimaraes Portugal
35%
Europa League J3 Jeudi 19 Octobre 2017 2-1 Guimaraes Portugal
35%
Ligue Des Champions J5 Mardi 23 Novembre 2010 0-3 Spartak Moscou Russie
33%
Ligue Des Champions J1 Mercredi 15 Septembre 2010 0-1 Spartak Moscou Russie
33%
Qualification Europa League 1/2 finale Vendredi 3 Aout 2017 0-0 Ostende Belgique
27%
Qualification Europa League 1/2 finale Vendredi 27 Juillet 2017 4-2 Ostende Belgique
27%
Europa League J5 Jeudi 23 Novembre 2017 1-1 Konyaspor Turquie
23%
Europa League J1 Jeudi 14 Septembre 2017 1-0 Konyaspor Turquie
23%
Qualification Europa League finale Vendredi 17 Aout 2017 1-1 Domzale Slovenie
17%
Qualification Europa League finale Vendredi 24 Aout 2017 3-0 Domzale Slovenie
17%
Ligue Des Champions J4 Mercredi 3 Novembre 2010 0-7 Zilina Slovaquie
17%
Ligue Des Champions J3 Mardi 19 Octobre 2010 1-0 Zilina Slovaquie
17%
Europa League J6 Jeudi 10 Décembre 2015 2-4 Slovan Liberec RepubliqueTchèque
10%
Europa League J2 Jeudi 1er Octobre 2015 0-1 Slovan Liberec RepubliqueTchèque
10%
Europa League J5 Jeudi 26 Novembre 2015 2-1 Groningen Pays-Bas
8%
Europa League J1 Jeudi 17 Septembre 2015 0-3 Groningen Pays-Bas
8%
Aucun quiz correspondant
Distribution des résultats
% des personnes avec chaque résultat
Percentile par nombre de réponses
Votre historique - résultats
Vous n’avez pas pris ce quiz depuis la dernière actualisation